000 00712nam a2200277Ia 4500
005 20260324125952.0
008 008 260324s9999 xx 000 0 eng d
020 _a9780429146367
037 _aEBOOK
040 _aCRL
040 _beng
040 _cCRL
041 _2eng
041 _aeng
084 _qCRL
100 _aKishore K. Pochampally; Satish Nukala; Surendra M. Gupta
_91180024
245 0 _aStrategic Planning Models for Reverse and Closed-Loop Supply Chains
260 _bTaylor and Francis
260 _c2008
365 _a
365 _b240
856 _uhttp://www.taylorfrancis.com/books/9780429146367
942 _cEBOOK
999 _c1775736
_d1775736